<?xml version="1.0" encoding="UTF-8"?>
<record
    xmlns:xsi="http://www.w3.org/2001/XMLSchema-instance"
    xsi:schemaLocation="http://www.loc.gov/MARC21/slim http://www.loc.gov/standards/marcxml/schema/MARC21slim.xsd"
    xmlns="http://www.loc.gov/MARC21/slim">

  <leader>00431nam a22001577a 4500</leader>
  <datafield tag="020" ind1=" " ind2=" ">
    <subfield code="a">9788131756867</subfield>
  </datafield>
  <datafield tag="082" ind1=" " ind2=" ">
    <subfield code="a">547 VOG</subfield>
  </datafield>
  <datafield tag="100" ind1=" " ind2=" ">
    <subfield code="a">Vogel,Arthur.I</subfield>
  </datafield>
  <datafield tag="245" ind1=" " ind2=" ">
    <subfield code="a">Elementary Practical Organic Chemistry Small Scale Preparations Part 1</subfield>
  </datafield>
  <datafield tag="250" ind1=" " ind2=" ">
    <subfield code="a">2</subfield>
  </datafield>
  <datafield tag="260" ind1=" " ind2=" ">
    <subfield code="a">Newyork</subfield>
    <subfield code="b">Pearson</subfield>
    <subfield code="c">1996</subfield>
  </datafield>
  <datafield tag="300" ind1=" " ind2=" ">
    <subfield code="a">436</subfield>
  </datafield>
  <datafield tag="490" ind1=" " ind2=" ">
    <subfield code="a">Elementary Practical Organic Chemistry</subfield>
  </datafield>
  <datafield tag="650" ind1=" " ind2=" ">
    <subfield code="a">Chemistry</subfield>
    <subfield code="a">Organic Chemistry</subfield>
    <subfield code="a">Small Scale </subfield>
  </datafield>
  <datafield tag="942" ind1=" " ind2=" ">
    <subfield code="c">BK</subfield>
  </datafield>
  <datafield tag="999" ind1=" " ind2=" ">
    <subfield code="c">87</subfield>
    <subfield code="d">87</subfield>
  </datafield>
  <datafield tag="952" ind1=" " ind2=" ">
    <subfield code="0">0</subfield>
    <subfield code="1">0</subfield>
    <subfield code="7">0</subfield>
    <subfield code="8">NFIC</subfield>
    <subfield code="a">IC</subfield>
    <subfield code="b">IC</subfield>
    <subfield code="c">GEN</subfield>
    <subfield code="d">2015-02-17</subfield>
    <subfield code="g">966.00</subfield>
    <subfield code="l">5</subfield>
    <subfield code="o">547 VOG</subfield>
    <subfield code="p">006791</subfield>
    <subfield code="r">2025-02-24 09:48:54</subfield>
    <subfield code="s">2025-02-19</subfield>
    <subfield code="w">2015-02-17</subfield>
    <subfield code="y">BK</subfield>
  </datafield>
  <datafield tag="952" ind1=" " ind2=" ">
    <subfield code="0">0</subfield>
    <subfield code="1">0</subfield>
    <subfield code="7">0</subfield>
    <subfield code="8">NFIC</subfield>
    <subfield code="a">IC</subfield>
    <subfield code="b">IC</subfield>
    <subfield code="c">GEN</subfield>
    <subfield code="d">2015-02-17</subfield>
    <subfield code="g">966.00</subfield>
    <subfield code="l">5</subfield>
    <subfield code="o">547 VOG</subfield>
    <subfield code="p">006545</subfield>
    <subfield code="r">2022-12-08 00:00:00</subfield>
    <subfield code="s">2022-12-02</subfield>
    <subfield code="w">2015-02-17</subfield>
    <subfield code="y">BK</subfield>
  </datafield>
  <datafield tag="952" ind1=" " ind2=" ">
    <subfield code="0">0</subfield>
    <subfield code="1">0</subfield>
    <subfield code="7">0</subfield>
    <subfield code="8">NFIC</subfield>
    <subfield code="a">IC</subfield>
    <subfield code="b">IC</subfield>
    <subfield code="c">GEN</subfield>
    <subfield code="d">2015-02-17</subfield>
    <subfield code="g">966.00</subfield>
    <subfield code="l">4</subfield>
    <subfield code="o">547 VOG</subfield>
    <subfield code="p">006368</subfield>
    <subfield code="r">2022-11-17 00:00:00</subfield>
    <subfield code="s">2022-01-10</subfield>
    <subfield code="w">2015-02-17</subfield>
    <subfield code="y">BK</subfield>
  </datafield>
  <datafield tag="952" ind1=" " ind2=" ">
    <subfield code="0">0</subfield>
    <subfield code="1">0</subfield>
    <subfield code="7">0</subfield>
    <subfield code="8">NFIC</subfield>
    <subfield code="a">IC</subfield>
    <subfield code="b">IC</subfield>
    <subfield code="c">GEN</subfield>
    <subfield code="d">2015-02-17</subfield>
    <subfield code="g">966.00</subfield>
    <subfield code="l">5</subfield>
    <subfield code="o">547 VOG</subfield>
    <subfield code="p">005950</subfield>
    <subfield code="r">2023-05-16 00:00:00</subfield>
    <subfield code="s">2023-05-02</subfield>
    <subfield code="w">2015-02-17</subfield>
    <subfield code="y">BK</subfield>
  </datafield>
  <datafield tag="952" ind1=" " ind2=" ">
    <subfield code="0">0</subfield>
    <subfield code="1">0</subfield>
    <subfield code="7">0</subfield>
    <subfield code="8">NFIC</subfield>
    <subfield code="a">IC</subfield>
    <subfield code="b">IC</subfield>
    <subfield code="c">GEN</subfield>
    <subfield code="d">2015-02-17</subfield>
    <subfield code="g">966.00</subfield>
    <subfield code="l">4</subfield>
    <subfield code="m">1</subfield>
    <subfield code="o">547 VOG</subfield>
    <subfield code="p">006855</subfield>
    <subfield code="r">2025-03-01 08:11:19</subfield>
    <subfield code="s">2025-02-23</subfield>
    <subfield code="w">2015-02-17</subfield>
    <subfield code="y">BK</subfield>
  </datafield>
  <datafield tag="952" ind1=" " ind2=" ">
    <subfield code="0">0</subfield>
    <subfield code="1">0</subfield>
    <subfield code="7">0</subfield>
    <subfield code="8">NFIC</subfield>
    <subfield code="a">IC</subfield>
    <subfield code="b">IC</subfield>
    <subfield code="c">GEN</subfield>
    <subfield code="d">2015-02-17</subfield>
    <subfield code="g">966.00</subfield>
    <subfield code="l">10</subfield>
    <subfield code="o">547 VOG</subfield>
    <subfield code="p">006728</subfield>
    <subfield code="r">2023-12-21 09:26:25</subfield>
    <subfield code="s">2023-12-07</subfield>
    <subfield code="w">2015-02-17</subfield>
    <subfield code="y">BK</subfield>
  </datafield>
</record>
